New York Times 100 Best Books of the 21st Century - Statistics

General Stats
  • This quiz has been taken 34 times
    17 since last reset
  • The average score is 15 of 100
Answer Stats
Rank Author Book % Correct
26 Ian McEwan Atonement
87%
9 Kazuo Ishiguro Never Let Me Go
80%
13 Cormac McCarthy The Road
60%
46 Donna Tartt The Goldfinch
53%
31 Zadie Smith White Teeth
53%
27 Chimamanda Ngozi Adichie Americanah
47%
36 Ta-Nehisi Coates Between the World and Me
40%
61 Barbara Kingsolver Demon Copperhead
40%
59 Jeffrey Eugenides Middlesex
40%
5 Jonathan Franzen The Corrections
40%
7 Colson Whitehead The Underground Railroad
40%
3 Hilary Mantel Wolf Hall
40%
6 Roberto Bolaño 2666
33%
95 Hilary Mantel Bring Up the Bodies
33%
1 Elena Ferrante My Brilliant Friend
33%
49 Han Kang The Vegetarian
33%
98 Ann Patchett Bel Canto
27%
28 David Mitchell Cloud Atlas
27%
18 George Saunders Lincoln in the Bardo
27%
57 Barbara Ehrenreich Nickel and Dimed
27%
15 Min Jin Lee Pachinko
27%
48 Marjane Satrapi Persepolis
27%
90 Viet Thanh Nguyen The Sympathizer
27%
12 Joan Didion The Year of Magical Thinking
27%
39 Jennifer Egan A Visit from the Goon Squad
20%
20 Percival Everett Erasure
20%
21 Matthew Desmond Evicted: Poverty and Profit in the American City
20%
35 Alison Bechdel Fun Home
20%
10 Marilynne Robinson Gilead
20%
94 Zadie Smith On Beauty
20%
41 Claire Keegan Small Things Like These
20%
93 Emily St. John Mandel Station Eleven
20%
64 Rebecca Makkai The Great Believers
20%
65 Philip Roth The Plot Against America
20%
17 Paul Beatty The Sellout
20%
2 Isabel Wilkerson The Warmth of Other Suns
20%
47 Toni Morrison A Mercy
13%
76 Tayari Jones An American Marriage
13%
67 Andrew Solomon Far From the Tree
13%
99 Ali Smith How to Be Both
13%
51 Kate Atkinson Life After Life
13%
14 Rachel Cusk Outline
13%
85 George Saunders Pastoralia
13%
33 Jesmyn Ward Salvage the Bones
13%
19 Patrick Radden Keefe Say Nothing
13%
77 Jon Fosse Septology
13%
11 Junot Díaz The Brief Wondrous Life of Oscar Wao
13%
4 Edward P. Jones The Known World
13%
38 Roberto Bolaño The Savage Detectives
13%
52 Denis Johnson Train Dreams
13%
62 Ben Lerner 10:04
7%
42 Marlon James A Brief History of Seven Killings
7%
70 Edward P. Jones All Aunt Hagar's Children
7%
8 W.G. Sebald Austerlitz
7%
60 Kiese Laymon Heavy: An American Memoir
7%
74 Elizabeth Strout Olive Kitteridge
7%
25 Adrian Nicole LeBlanc Random Family
7%
53 Alice Munro Runaway
7%
30 Jesmyn Ward Sing, Unburied, Sing
7%
58 Hua Hsu Stay True
7%
54 George Saunders Tenth of December: Stories
7%
92 Elena Ferrante The Days of Abandonment
7%
84 Siddhartha Mukherjee The Emperor of all Maladies
7%
44 N.K. Jemisin The Fifth Season
7%
56 Rachel Kushner The Flamethrowers
7%
68 Sigrid Nunez The Friend
7%
32 Alan Hollinghurst The Line of Beauty
7%
69 Michelle Alexander The New Jim Crow
7%
24 Richard Powers The Overstory
7%
73 Robert A. Caro The Passage of Power
7%
37 Annie Ernaux The Years
7%
50 Hernan Diaz Trust
7%
79 Lucia Berlin A Manual for Cleaning Women
0%
22 Katherine Boo Behind the Beautiful Forevers
0%
34 Claudia Rankine Citizen: An American Lyric
0%
87 Torrey Peters Detransition, Baby
0%
75 Mohsin Hamad Exit West
0%
86 David W. Blight Frederick Douglass: Prophet of Freedom
0%
23 Alice Munro Hateship, Friendship, Courtship, Loveship, Marriage
0%
40 Helen McDonald H is for Hawk
0%
82 Fernanda Melchor Hurricane Season
0%
97 Jesmyn Ward Men We Reaped
0%
43 Tony Judt Postwar: A History of Europe Since 1945
0%
81 John Jeremiah Sullivan Pulphead
0%
72 Svetlana Alexievich Secondhand Time
0%
16 Michael Chabon The Amazing Adventures of Kavalier Klay
0%
45 Maggie Nelson The Argonauts
0%
88 Lydia Davis The Collected Stories of Lydia Davis
0%
71 Tove Ditlevsen The Copenhagen Trilogy
0%
91 Philip Roth The Human Stain
0%
29 Helen DeWitt The Last Samurai
0%
55 Lawrence Wright The Looming Tower
0%
89 Hisham Matar The Return
0%
80 Elena Ferrante The Story of the Lost Child
0%
78 Gabrielle Zevin Tomorrow, Tomorrow, and Tomorrow
0%
100 Denis Johnson Tree Of Smoke
0%
63 Mary Gaitskill Veronica
0%
96 Saidiya Hartman Wayward Lives, Beautiful Experiments
0%
66 Justin Torres We the Animals
0%
83 Benjamín Labatut When We Cease to Understand the World
0%
No matching quizzes found
Score Distribution
Percent of People with Each Score
Percentile by Number Answered
Your Score History
You have not taken this quiz since the last reset